Historia eclesiástica indiana /

La Historia Eclesiástica Indiana es considerada una fuente central sobre el acontecer novohispano del siglo XVI, en particular en lo relativo a la evangelización y expansión del catolicismo. Fue editada por vez primera por Joaquín García Icazbalceta en 1870.

Gorde:
Xehetasun bibliografikoak
Beste egile batzuk: Solano y Pérez Lila, Francisco de (preliminares) (preliminares), Trejo, Antonio de, Fray (dirección) (dirección)
Formatua: Liburua
Hizkuntza:gaztelania
Argitaratua: Madrid, España : Atlas, 1973, c1973
Saila:(Biblioteca de Autores Españoles ; 260, 261)
Gaiak:
Etiketak: Etiketa erantsi
Etiketarik gabe, Izan zaitez lehena erregistro honi etiketa jartzen!

MARC

LEADER 00000nam^a2200000^a^4500
001 000127999
005 20250521000000.0
009 20260310094823.331
020 |a 84-363-0466-7 
020 |a 84-363-0467-5 
037 |a Acervo ITESO - Biblioteca 
041 |a ESP 
082 |a 972. 03  |b MEN 
245 1 0 |a Historia eclesiástica indiana /  |c J. de Mendieta ; prelim. y ed. de F. Solano y Pérez Lila. 
264 4 |a Madrid, España :  |b Atlas,  |c 1973, c1973 
300 |a 2 v. 
336 |a texto  |b txt  |2 rdacontenido 
337 |a sin mediación  |b n  |2 rdamedio 
338 |a volumen  |b nc  |2 rdasoporte 
440 1 |a (Biblioteca de Autores Españoles ;  |v 260, 261) 
520 |a La Historia Eclesiástica Indiana es considerada una fuente central sobre el acontecer novohispano del siglo XVI, en particular en lo relativo a la evangelización y expansión del catolicismo. Fue editada por vez primera por Joaquín García Icazbalceta en 1870. 
649 |a XX 
650 |a Evangelización -  |z México -  |x Historia -  |y Epoca Colonial, 1517-1821 
650 |a Indígenas de México -  |x Historia -  |y Epoca Colonial, 1517-1821 
650 |a Franciscanos en México -  |x Historia -  |y Epoca Colonial, 1517-1821 
650 |a Monasticismo y Ordenes Religiosas -  |z México -  |x Historia -  |y Epoca Colonial, 1517-1821 
650 |a Iglesia Católica en México -  |x Historia -  |y Epoca Colonial, 1517-1821 
650 |a México -  |x Historia -  |y Epoca Colonial, 1517-1821 
650 |a Cartas Mexicanas 
700 |a Solano y Pérez Lila, Francisco de  |e (preliminares) 
700 |a Trejo, Antonio de,  |c Fray  |e (dirección) 
910 |a Fondo Salvador Reynoso Reynoso 
920 |a Impresos - Libros 
930 |a Fondos Especiales 
905 |a 112 
901 |a 0800009824  |b IT2  |c ESP  |u 20250521 
901 |a 0800009870  |b IT2  |c ESP  |u 20250521 
902 |a https://opac.biblio.iteso.mx/vufind/Record/000127999